01637nam a2200301 a 450000100100000000500170001000800410002702000180006804000250008608200190011110000400013024501540017026000720032430000210039650000710041759000260048865000290051465000310054365000250057470000500059991000370064995201310068695201310081795201310094895201170107995201220119699900170131800003610420260120073950.0111213s2011 dr 001 j spa d a9789945480023 aDO-SdBNPbspacBNPHU aRD863.5bP116m1 aPacheco, Juan Rafael,d1936-93354313aLa mariposa azul y los regalos de Dios :bhistorias y cuentos para sanar tu corazón /cJuan Rafael Pacheco ; prólogo Carlos Manuel Santana Reyes. aSanto Domingo :bDeo Juvante :bEdiciones Unidas del Caribe,c2011. a237 p. ;c23 cm. aIncluye datos biográficos del autor en la solapa de la cubierta. aInventariado, 2019/BT 0aCuentos dominicanos9176 0aLiteratura dominicana.967 0aVida espiritual926812aSantana Reyes, Carlos Manuel,epról.962141 aValidado. Control de calidad EMS 001054708DSaGRbGRcHDd2011-12-13iLF1l0oRD863.5 P116mp36104-30r2020-06-25te.3w2020-06-25yLFDSZPréstamo en sala 001054708DSaGRbGRcHDd2013-05-29iLF1l0oRD863.5 P116mp36104-40r2020-06-25te.4w2020-06-25yLFDSZPréstamo en sala 001054708DSaGRbGRcHDd2013-05-29iLF1l0oRD863.5 P116mp36104-50r2020-06-25te.5w2020-06-25yLFDSZPréstamo en sala 0010718PDaPDbPDcHDd2011-12-13iLF1l0oRD863.5 P116mp36104-10r2020-06-25w2020-06-25yLFPDZNo se presta 0010718PDaPDbPDcHDd2011-12-13iLF1l0oRD863.5 P116mp36104-20r2020-06-25te.2w2020-06-25yLFPDZNo se presta c35595d35595